000 00921 a2200241 4500
003 OSt
005 20180116192350.0
008 120601t xxu||||| |||| 00| 0 eng d
010 _a 94232676
020 _a0714823627 (Phaidon)
020 _a0810935686 (Abrams)
040 _c0
082 0 0 _a759.5
100 1 _aRuda, Jeffrey.
_93555
245 1 0 _aFra Filippo Lippi :
_blife and work with a complete catalogue /
_cJeffrey Ruda.
260 _aLondon :
_bPhaidon Press ;
_aNew York :
_bDistributed in North America by H.N. Abrams,
_c1993.
300 _a560 p. :
_bill. (some col.) ;
_c30 cm.
600 1 0 _aLippi, Filippo,
_dca. 1406-1469
_xCriticism and interpretation.
_93556
600 1 0 _aLippi, Filippo,
_dca. 1406-1469
_xCatalogues raisonnes.
_93557
700 1 _aLippi, Filippo,
_dca. 1406-1469.
_93558
942 _aSADA
_cREF
_k759.5 RUD 1993
_2ddc
999 _c352905
_d352905